000 02108nam a22003257a 4500
999 _c88965
_d88965
005 20191004103848.0
010 _aBAC-EN21/ B-576416 ENG-111482
020 _a9780670086740
_c599.00
035 _aB-576416
035 _aB-730478-479
035 _aB-583706-736
035 _aEN-95014
037 _bPansy Books/Ven
_adpl
037 _bUBH/Ven
_adpl
037 _bDBAD/PUB
082 _a320.954
100 _aBaru, Sanjaya
245 _aThe accidental prime minister :
_bthe making and unmaking of Manmohan Singh /
_cby Sanjaya Baru
260 _aGurgaon
_bPenguin Books(Viking)
_c2014
270 _aPenguin Books India Pvt Ltd., 7th foor, Infinity Tower C, DLF Cyber City
_bGurgaon
_e122002
300 _axvi,301p.
_c24cm(Hb)
500 _aIncludes index
520 _aThe Accidental Prime Minister is Baru’s account of what it was like to manage public opinion for Singh while giving us a riveting look at Indian politics as it happened behind the scenes. As Singh’s spin doctor and trusted aide for four years, Baru observed up close Singh s often troubled relations with his ministers, his cautious equation with Sonia Gandhi and how he handled the big crises from managing the Left to pushing through the nuclear deal. In this book he tells all and draws for the first time a revelatory picture of what it was like for Singh to work in a government that had two centres of power. Insightful acute and packed with political gossip, The Accidental Prime Minister is one of the great insider accounts of Indian political life and a superb portrait of the Manmohan Singh era.
600 _a Manmohan Singh
_d1932-
650 _aPrime ministers
_zIndia
_vBiography.
942 _2ddc
_cEN
_h320.954
_mBAR